|
|
|
|
| LEADER |
02059nam a2200529 a 4500 |
| 001 |
nkc20071720630 |
| 003 |
CZ PrNK |
| 005 |
20071029094335.0 |
| 007 |
ta |
| 008 |
070830s2007 xr a f 000 0 cze |
| 015 |
|
|
|a cnb001720630
|
| 020 |
|
|
|a 978-80-7251-243-0
|q (brož.)
|
| 035 |
|
|
|a (OCoLC)189425811
|
| 040 |
|
|
|a ABA001
|b cze
|d BOA001
|
| 043 |
|
|
|a e-xr---
|
| 072 |
|
7 |
|a 005
|x Management. Řízení
|2 Konspekt
|9 4
|
| 080 |
|
|
|a 005.934
|2 MRF
|
| 080 |
|
|
|a 502.131.1
|2 MRF
|
| 080 |
|
|
|a 005.931
|2 MRF
|
| 080 |
|
|
|a (437.3)
|2 MRF
|
| 080 |
|
|
|a (048.8)
|2 MRF
|
| 100 |
1 |
|
|a Procházková, Dana,
|d 1945-
|7 ola2004220096
|4 aut
|
| 245 |
1 |
0 |
|a Strategie řízení bezpečnosti a udržitelného rozvoje území /
|c Dana Procházková
|
| 250 |
|
|
|a Vyd. 1.
|
| 260 |
|
|
|a Praha :
|b Vydavatelství PA ČR,
|c 2007
|
| 300 |
|
|
|a 202 s. :
|b il. ;
|c 29 cm
|
| 500 |
|
|
|a Na obálce nad názvem: Policejní akademie České republiky v Praze, katedra krizového řízení
|
| 500 |
|
|
|a Terminologický slovník
|
| 500 |
|
|
|a 250 výt.
|
| 504 |
|
|
|a Obsahuje bibliografii
|
| 550 |
|
|
|a Vydavatel: Policejní akademie České republiky
|
| 650 |
0 |
7 |
|a bezpečnostní management
|7 ph170456
|z Česko
|2 czenas
|
| 650 |
0 |
7 |
|a udržitelný rozvoj
|7 ph126768
|z Česko
|2 czenas
|
| 650 |
0 |
7 |
|a krizový management
|7 ph121964
|z Česko
|2 czenas
|
| 650 |
0 |
9 |
|a safety management
|z Czechia
|2 eczenas
|
| 650 |
0 |
9 |
|a sustainable development
|z Czechia
|2 eczenas
|
| 650 |
0 |
9 |
|a crisis management
|z Czechia
|2 eczenas
|
| 655 |
|
7 |
|a monografie
|7 fd132842
|2 czenas
|
| 655 |
|
9 |
|a monographs
|2 eczenas
|
| 710 |
2 |
|
|a Policejní akademie České republiky.
|b Katedra krizového řízení
|7 kn20030613004
|
| 856 |
4 |
1 |
|u http://www.digitalniknihovna.cz/mzk/uuid/uuid:ed44f620-73b3-11e8-9690-005056827e51
|y Digitalizovaný dokument
|x NDK
|
| 910 |
2 |
|
|a BOA001
|b 3-1191.138
|
| 928 |
9 |
|
|a Vydavatelství Policejní akademie České republiky
|
| 990 |
|
|
|a BK
|
| 995 |
|
|
|a 01
|
| 991 |
|
|
|b 200709
|c NOV
|
| 996 |
6 |
|
|b 2610317702
|c 3-1191.138
|l MZK
|r Sklad / do 1 hodiny
|n 4
|p p.v.
|w 000863392
|u 000010
|a 1
|e BOA001
|j MZK50
|s P
|